000 01135cad a22002175a 4500
001 L150214
008 100614s2010 xxk f 000 0 eng d
035 _a(Sirsi) u150250
041 0 _aeng
110 2 _aFederation International Des Geometres
245 0 0 _aFIG publication no. 51
_bHanoi Declaration
_bLand acquisition in emerging economics
_h[electronic resource]
260 _aCopenhagen
_bInternational Federation of Surveyors
_c2010
505 2 _aIntroduction -- Problems in Land Acquisition -- Tools in Land Acquisition -- Building Capacity in Land Acquisition -- The Way Forward -- References and Bibliography
520 _aIncludes understanding the key problems in land acquisition, explanation of land tools available for the land acquisition and building institutional and professional capacity for managing the land acquisition process.
521 _aAdvanced
590 _aKA
651 4 _aInternational
690 _aENVIRONMENT AND LAND CONSULTANCY-PLANNING AND DEVELOPMENT
856 4 0 _uhttps://www.fig.net/pub/figpub/pub51/figpub51.pdf
_zView the conference papers free of charge at www.fig.net
942 _n0
999 _c110807
_d110807